000 00777nam a2200253 i 4500
001 179872
003 ES-MaACL
005 20231021062535.0
008 120215s2011 sp |||| | spa d
020 _a978-84-8383-316-2
080 _a821.134.2-31"19"
100 1 _aReig, Rafael (
_d1963-)
_9149376
245 1 0 _aTodo está perdonado /
_cRafael Reig.
250 _a1ª ed.
260 _aBarcelona :
_bTusquets,
_c2011.
300 _a367 p. ;
_c23 cm.
490 1 _aAndanzas ;
_v751
586 _aPremio Tusquets Editores de Novela, 2010
830 0 0 _aColección Andanzas
_v751
_9234359
852 _aES-MaACL
_9186773
_bR.146759
_jA-11972
_dOlim: N-4977
_cDEPO1
942 _2udc
_cMONOGRAFIA
999 _c179872
_d179872